[Event "GER-chT School WK GS"]
[Site "Playchess.com INT"]
[Date "2020.06.18"]
[Round "7.4"]
[White "Tille, Tim"]
[Black "Straeten, Emil"]
[Result "0-1"]
[WhiteElo "1440"]
[BlackElo "1495"]
[PlyCount "90"]
[EventDate "2020.06.11"]
[EventType "team-swiss (blitz)"]
[EventRounds "7"]
[EventCountry "GER"]
[SourceTitle "EXT 2021"]
[Source "ChessBase"]
[SourceDate "2020.10.23"]
[SourceVersion "1"]
[SourceVersionDate "2020.10.23"]
[SourceQuality "1"]
[WhiteTeam "Monte BY"]
[BlackTeam "HB an der Gete"]
[WhiteTeamCountry "GER"]
[BlackTeamCountry "GER"]

1. d4 d5 2. Bf4 Nc6 3. e3 Bf5 4. c3 Nf6 5. Bd3 Bxd3 6. Qxd3 e6 7. Nf3 Bd6 8. Bg3 Bxg3 9. hxg3 0-0 10. Nbd2 Na5 11. e4 dxe4 12. Nxe4 Nxe4 13. Qxe4 g6 14. b4 Nc6 15. Qe3 Qd5 16. Rh2 h5 17. Qh6 Qe4+ 18. Kd1 Qd3+ 19. Ke1 Qe4+ 20. Kd1 Qd3+ 21. Nd2 Qxc3 22. Rc1 Qxd4 23. Qg5 Qg4+ 24. Qxg4 hxg4 25. b5 Nd4 26. Rxc7 Nxb5 27. Rxb7 Nc3+ 28. Kc2 Rac8 29. Kb2 Nd1+ 30. Kb3 a5 31. f3 Rc3+ 32. Ka4 gxf3 33. gxf3 Rc2 34. Nb3 Rxh2 35. Ra7 Rxa2+ 36. Kb5 Nc3+ 37. Kc4 Nd5 38. Nxa5 Rc8+ 39. Kb5 Rb2+ 40. Ka4 Nc3+ 41. Ka3 Rb6 42. Nb7 Nb1+ 43. Ka2 Rc2+ 44. Ka1 Nc3 45. Nc5 Rc1# 0-1

[Event "GER-chT School WK GS"]
[Site "Playchess.com INT"]
[Date "2020.06.11"]
[Round "3.4"]
[White "Kostov, Kosta"]
[Black "Tille, Tim"]
[Result "0-1"]
[WhiteElo "1331"]
[BlackElo "1440"]
[PlyCount "44"]
[EventDate "2020.06.11"]
[EventType "team-swiss (blitz)"]
[EventRounds "7"]
[EventCountry "GER"]
[SourceTitle "EXT 2021"]
[Source "ChessBase"]
[SourceDate "2020.10.23"]
[SourceVersion "1"]
[SourceVersionDate "2020.10.23"]
[SourceQuality "1"]
[WhiteTeam "Rauch BW"]
[BlackTeam "Monte BY"]
[WhiteTeamCountry "GER"]
[BlackTeamCountry "GER"]

1. e4 e5 2. Nf3 Nc6 3. Bc4 f6 4. Nc3 Nh6 5. d3 Bc5 6. Be3 Bxe3 7. fxe3 d6 8. Qe2 Bg4 9. h3 Bxf3 10. Qxf3 Qd7 11. 0-0-0 0-0-0 12. Nb5 a6 13. d4 axb5 14. Bxb5 exd4 15. Rd3 dxe3 16. Ra3 Qe7 17. Qxe3 Kd7 18. Qg3 Ke8 19. Qh4 Kf7 20. Qxh6 gxh6 21. Rf1 Qxe4 22. Rff3 Qe1# 0-1